| 000 | 00536nam a22001577a 4500 | ||
|---|---|---|---|
| 020 | _qHard Cover. | ||
| 082 | _a004 | ||
| 100 | _aMoqaddas, Faiza | ||
| 245 |
_aSentiment analysis on complex sentences of urdu with conjunction and negations using deep learning / _cFaiza Moqaddas. |
||
| 260 |
_aIslamabad: _bMCS - NUST, _c2016. |
||
| 300 |
_a70 p. : _bill.; _c30cm. |
||
| 650 |
_aSoftware Engineering MS-Thesis. _916149 |
||
| 700 |
_aDr. Hammad Afzal _935034 |
||
| 942 |
_2ddc _cTHE |
||
| 999 |
_c541023 _d541023 |
||